| 000 | 00725nam a22002177a 4500 | ||
|---|---|---|---|
| 999 |
_c330448 _d330448 |
||
| 003 | NUST | ||
| 005 | 20190816104915.0 | ||
| 008 | 170713b xxu||||| |||| 00| 0 eng d | ||
| 020 | _qHBK. | ||
| 038 | _aAttaullah. | ||
| 040 | _cASAB | ||
| 082 | _aThesis 2017 MA | ||
| 100 |
_aMuhammad Ali _93274 |
||
| 245 |
_aTh-PhD-Engineering resistance against barley yellow dwarf virus (bydv) in a model plant _cMuhammad Ali-sup-Dr. Muhammad Tahir |
||
| 260 |
_aIslamabad. _bAtta Ur Rahman School of Applied Biosciences NUST. _c2017. |
||
| 300 | _a126 P | ||
| 630 |
_aBarley Yellow dwarf virus (BYDV) _93275 |
||
| 650 |
_aVirology and Immunology - PhD Thesis. _919252 |
||
| 700 |
_aDr. Muhammad Tahir. _919262 |
||
| 942 |
_2ddc _cTHE |
||